| 000 | 00581nam a22001817a 4500 | ||
|---|---|---|---|
| 003 | IT-RoPau | ||
| 005 | 20220918175935.0 | ||
| 008 | 121110b xxu||||| |||| 00| 0 eng d | ||
| 040 | _cIT-RoPau | ||
| 100 |
_927 _aAlberione Giacomo _dTeologo e Primo Maestro SSP |
||
| 245 |
_aRitiri mensili. _bL'amor di Dio, L'amor del prossimo, Il peccato veniale |
||
| 250 | _a1°ed. | ||
| 260 |
_aAlba _bPia Società San Paolo _c1934 |
||
| 300 |
_a215 p. _c17 cm |
||
| 440 |
_v1° vol. _928 |
||
| 520 | _aINDICE I.L'amor di Dio II.L'amor del prossimo III.Il peccato veniale | ||
| 942 |
_2ddc _cBK |
||
| 999 |
_c37492 _d37492 |
||